Coal carbonization /

Bibliographic Details
Main Author: Porter, Horace Chamberlain, 1876-
Format: Book
Language:English
Published: New York : The Chemical Catalog Company, inc., 1924.
Series:Monograph series (American Chemical Society) ; no. 18.
Subjects:

MARC

Tag First Indicator Second Indicator Subfields
LEADER 00000cam a2200000 4500
001 in00000099417
005 20150926125611.0
008 740110s1924 eng u
010 |a  24019649  
035 |a (OCoLC)00773322 
035 |9 AAL3838AM 
040 |c COO  |d TXA  |d UtOrBLW 
049 |a TXAM  |c 1 [31848]  |c 2 [371007] 
050 0 0 |a TP336  |b .P6 
100 1 |a Porter, Horace Chamberlain,  |d 1876- 
245 1 0 |a Coal carbonization /  |c by Horace C. Porter. 
264 1 |a New York :  |b The Chemical Catalog Company, inc.,  |c 1924. 
300 |a 442 pages :  |b illustrations (part folded) ;  |c 24cm. 
336 |a text  |b txt  |2 rdacontent 
337 |a unmediated  |b n  |2 rdamedia 
338 |a volume  |b nc  |2 rdacarrier 
490 1 |a American Chemical Society. Monograph series,  |v no. 18 
504 |a "Index of authors" to bibliographical foot-notes: pages 429-431. 
650 0 |a Coal. 
650 0 |a Coke. 
650 0 |a Gas. 
650 0 |a Coal-tar products. 
830 0 |a Monograph series (American Chemical Society) ;  |v no. 18. 
999 |a MARS 
999 f f |s bc1e8bd7-d967-3e39-8dc1-6423a688a08c  |i 3da36a8d-a876-3666-856f-3e49683b15fb  |t 0 
952 f f |p ric  |a Texas A&M University  |b Rellis Campus  |c Joint Library Facility  |d Remote Storage  |t 0  |e TP336 .P6  |h Library of Congress classification  |i unmediated -- volume  |m A14805605323 
952 f f |p normal  |a Texas A&M University  |b College Station  |c Sterling C. Evans Library  |d Evans: Library Stacks  |t 0  |e TP336 .P6  |h Library of Congress classification  |i unmediated -- volume  |m A14805605315 
998 f f |a TP336 .P6  |t 0  |l Remote Storage 
998 f f |a TP336 .P6  |t 0  |l Evans: Library Stacks